000 01732cam a22002778i 4500
999 _c14062
_d14062
003 OSt
005 20260327170019.0
006 m |o d |
008 230824s2024 nju o 001 0 eng
020 _z9781119803447
_q(paperback)
042 _apcc
050 0 0 _aTH7703
082 0 0 _a729/.28
_223/eng/20230909
100 1 _aKarlen, Mark,
_eauthor.
245 1 0 _aLighting design basics /
_cMark Karlen, Christina Spangler.
250 _aFourth edition.
263 _a2402
300 _a1 online resource
500 _aIncludes index.
520 _a"Lighting Design Basics is the essential guide to this basic, but difficult-to-master aspect of interior design. Offering fundamental concepts and prescriptive techniques in a highly visual format, the authors share clear, practical guidance on utilizing the latest in lighting techniques and technology to showcase a space without sacrificing utility. Showcasing more than 25 different design scenarios with in-depth rationale for proposed solutions, this book includes insightful distribution diagrams, floor plans, and details for lighting installation and construction. With immersive instruction through real-world settings, and practical guidance suited for immediate application in everyday projects, the book includes case studies that illustrate lighting design in residential, commercial, healthcare, education, and hospitality settings"--
650 0 _aLighting.
650 0 _aLighting, Architectural and decorative.
700 1 _aSpangler, Christina,
_eauthor.
776 0 8 _iPrint version:
_aKarlen, Mark.
_tLighting design basics
_bFourth edition.
_dHoboken, New Jersey : John Wiley & Sons, Inc., [2024]
_z9781119803447
_w(DLC) 2023039685
942 _2ddc